|
|
|
|
| LEADER |
01373nam a2200277 a 4500 |
| 001 |
GR-MES25 |
| 008 |
991111s nyu 000 b eng d |
| 020 |
|
|
|a 0876660367
|
| 040 |
|
|
|a GrPaTEI
|b gre
|c GR-PaULI
|
| 245 |
0 |
0 |
|a Fish immunology =
|b Diseases of fishes.
|
| 260 |
|
|
|a New York :
|b T.F.H,
|c c1974
|
| 300 |
|
|
|a 239σελ. :
|b εικ., φωτ.,πιν.
|
| 500 |
|
|
|a Περιέχει βιβλιογραφικές αναφορές
|
| 650 |
|
4 |
|a Αρρώστιες ψαριών
|
| 650 |
|
4 |
|a Ψάρια-Ανοσιολογία
|
| 650 |
|
4 |
|a Ψάρια-Παθολογία
|
| 700 |
1 |
|
|a Axelrod, Herbert R.
|
| 700 |
1 |
|
|a Douglas, Anderson P.
|
| 700 |
1 |
|
|a Snieszko, Stanislas F.
|
| 710 |
0 |
|
|a T.F.H
|
| 942 |
|
|
|2 ddc
|
| 952 |
|
|
|0 0
|1 0
|2 ddc
|4 0
|6 597_000000000000000_DOU
|7 0
|9 263270
|a MSLG
|b MSLG
|c BSC
|d 2021-01-17
|e 24
|f 0
|g 0.00
|l 0
|o 597 DOU
|p 2420000000415
|r 2021-01-17 00:00:00
|t 1
|w 2021-01-17
|y BK15
|x 19991111 0 1
|x GrPaTEI
|
| 952 |
|
|
|0 0
|1 0
|2 ddc
|4 0
|6 597_000000000000000_DOU
|7 0
|9 263271
|a MSLG
|b MSLG
|c BSC
|d 2021-01-17
|e 24
|f 0
|g 0.00
|l 0
|o 597 DOU
|p 2420000000926
|r 2021-01-17 00:00:00
|t 1
|w 2021-01-17
|y BK15
|x 19991111 0 1
|x GrPaTEI
|
| 952 |
|
|
|0 0
|1 0
|2 ddc
|4 0
|6 597_000000000000000_DOU
|7 0
|9 263272
|a MSLG
|b MSLG
|c BSC
|d 2021-01-17
|e 24
|f 0
|g 0.00
|l 0
|o 597 DOU
|p 2420000001182
|r 2021-01-17 00:00:00
|t 1
|w 2021-01-17
|y BK15
|x 19991111 0 1
|x GrPaTEI
|
| 971 |
|
|
|a .b25710667
|b 15-04-20
|c 13-09-16
|
| 999 |
|
|
|c 151524
|d 151524
|